| 000 | 00501nam a2200205Ia 4500 | ||
|---|---|---|---|
| 005 | 20250425161600.0 | ||
| 008 | 250425s9999 xx 000 0 und d | ||
| 041 | _aeng | ||
| 082 | _a629.892 | ||
| 100 | _aBOOTH, TAYLOR L. | ||
| 245 | 0 | _aSEQUENTIAL MACHINES AND AUTOMATA THEORY | |
| 250 | _a1ST ED. | ||
| 260 |
_aEstados Unidos _bJOHN WILEY & SONS _c1967 |
||
| 260 | _aNEW YORK | ||
| 300 | _a592 | ||
| 650 | _aAUTOMATAS | ||
| 650 | _aTEORIA DE MAQUINAS | ||
| 942 | _c01 | ||
| 010 | _a23453 | ||
| 999 |
_c212000 _d212000 |
||